Criminal Code & EFCC : cases and materials. (Record no. 28738)

MARC details
000 -LEADER
fixed length control field 00396nam a2200169Ia 4500
020 ## - INTERNATIONAL STANDARD BOOK NUMBER
ISBN 9783666762
050 ## - CALL MARK
Classification number KP 90 .O4/
100 ## - STATEMENT OF RESPONSIBILITY--MAIN AUTHOR NAME
Personal name Jide olakanmi & Co.
245 #0 - TITLE STATEMENT
Title Criminal Code & EFCC : cases and materials.
260 ## - PUBLICATION, DISTRIBUTION, ETC. (IMPRINT)
Place of publication Abuja
260 ## - PUBLICATION, DISTRIBUTION, ETC. (IMPRINT)
Name of publisher Law lord
260 ## - PUBLICATION, DISTRIBUTION, ETC. (IMPRINT)
Year of publication 2008
300 ## - PHYSICAL DESCRIPTION
Number of Pages 231 p
942 ## - ADDED ENTRY ELEMENTS (KOHA)
Koha item type Books
Holdings
Withdrawn status Lost status Source of classification or shelving scheme Damaged status Not for loan Permanent Location Current Location Shelving location Date acquired Accession Number Price effective from Koha item type
    Library of Congress Classification     Law Library Law Library Items on shelf 04/23/2025 0186499 04/23/2025 Books